[Event "Albacete"]
[Site "Albacete"]
[Date "1989.??.??"]
[Round "3"]
[White "De la Villa Garcia, Jesus Maria"]
[Black "Rivas Pastor, Manuel"]
[Result "1-0"]
[WhiteElo "2430"]
[BlackElo "2505"]

1.e4 d6 2.d4 Nf6 3.Nc3 c6 4.f4 Qa5 5.Bd2 e5 6.fxe5 dxe5 7.Nd5 Qd8 8.Nxf6+ Qxf6
9.Nf3 exd4 10.Bc4 Bg4 11.O-O Nd7 12.h3 Bh5 13.e5 Qe7 14.g4 Bg6 15.Bg5 Qc5
16.e6 fxe6 17.Bxe6 d3+ 18.Kg2 Ne5 19.b4 Qc3 20.Qe1 Qxc2+ 21.Rf2 Nxf3 22.Kxf3 d2
23.Qe3 d1=Q+ 24.Rxd1 Qxd1+ 25.Kg2 Qd6 26.Rd2 Qxd2+ 27.Qxd2 Be4+ 28.Kg1 Bd5
29.Qe3 Bxb4 30.Bxd5+ Kd7 31.Qe6+ Kc7 32.Bf4+ Kb6 33.Be3+ Ka5 34.Bg2 Rhe8
35.Qf5+ b5 36.Bxc6 Ka4 37.Qxb5+ Ka3 38.Bxe8  1-0

[Event "Albacete"]
[Site "Albacete"]
[Date "1989.??.??"]
[Round "5"]
[White "Alvarez Ibarra, D Rafael"]
[Black "Rivas Pastor, Manuel"]
[Result "1/2-1/2"]
[WhiteElo "2360"]
[BlackElo "2505"]

1.d4 d6 2.e4 Nf6 3.Nc3 c6 4.f4 Qa5 5.Bd2 e5 6.Nf3 exd4 7.Nxd4 Qb6 8.Nb3 a5
9.Qe2 a4 10.Be3 Qb4 11.a3 axb3 12.axb4 Rxa1+ 13.Kd2 Bg4 14.Qc4 d5 15.exd5 bxc2
16.Kxc2 Na6 17.Bc5 Bxc5 18.bxc5 O-O 19.d6 Nd5 20.Nxd5 cxd5 21.Qd4 Nxc5 22.Qxc5 Rc8
23.Qxc8+ Bxc8 24.g3 Kf8 25.Bg2 Ra6 26.Bxd5 Rxd6 27.Rd1 Bf5+ 28.Kc1 b6 29.Bf3 Ke7
30.Rxd6 Kxd6 31.Kd2  1/2-1/2

[Event "Albacete"]
[Site "Albacete"]
[Date "1989.??.??"]
[Round "6"]
[White "Fernandez Aguado, Enrique"]
[Black "Rivas Pastor, Manuel"]
[Result "0-1"]
[WhiteElo "2380"]
[BlackElo "2505"]

1.e4 d6 2.d4 Nf6 3.Nc3 c6 4.f4 Qa5 5.Bd2 e5 6.fxe5 dxe5 7.Nd5 Qd8 8.Nxf6+ Qxf6
9.Nf3 exd4 10.Bc4 Bg4 11.O-O Nd7 12.Qe1 Qe7 13.Nxd4 Ne5 14.Bb3 O-O-O 15.Be3 Qc7
16.Nf5 Bxf5 17.exf5 Ng4 18.Bf4 Bd6 19.Qg3 Bxf4 20.Qxf4 Ne5 21.f6 gxf6 22.Qxf6 Kb8
23.Rae1 Rhe8 24.h3 a5 25.Bxf7 Nxf7 26.Rxe8 Rxe8 27.Qxf7 Qb6+ 28.Kh2 Re2 29.Qg7 Rxc2
30.Qe5+ Ka7 31.Rf8 Rxb2 32.a4 Rb1 33.Kg3 Rd1 34.Qb8+ Ka6 35.Kh4 Qe3 36.Rf4 Qe7+
37.Kg3 Rd8  0-1

[Event "Alicante op2"]
[Site "Alicante"]
[Date "1989.??.??"]
[Round "?"]
[White "Rodriguez Vargas, Orestes"]
[Black "Rivas Pastor, Manuel"]
[Result "1-0"]
[WhiteElo "2445"]
[BlackElo "2505"]

1.d4 d6 2.e4 Nf6 3.Nc3 c6 4.h3 Nbd7 5.g4 h6 6.Bg2 e5 7.Nge2 Be7 8.a4 Nf8
9.f4 Ng6 10.O-O O-O 11.Be3 exf4 12.Nxf4 Nxf4 13.Bxf4 Be6 14.Qd3 d5 15.e5 Nd7
16.Ne2 c5 17.c3 Rc8 18.Ng3 cxd4 19.cxd4 Rc4 20.Be3 Re8 21.Nf5 Bf8 22.b3 Rc6
23.Bd2 Nb8 24.b4 Qd7 25.b5 Rc4 26.Ne3 Rcc8 27.Qb3 Red8 28.Rac1 Rxc1 29.Rxc1 Be7
30.Qc3 Bg5 31.Qc7 f6 32.exf6 Bxf6 33.Qxd7 Nxd7 34.Nxd5 Bxd4+ 35.Be3 Bxe3+
36.Nxe3 Ne5 37.Bxb7 Rd2 38.Rc2 Rxc2 39.Nxc2 Bb3 40.a5 Bxc2 41.b6 a6 42.Bxa6 Be4
43.b7 Nd7 44.Bb5 Bxb7 45.Bxd7 Ba6 46.Bc6 Kf7 47.Bg2 Kf6 48.Bf1 Bb7 49.Kf2 h5
50.a6  1-0

[Event "Alicante op2"]
[Site "Alicante"]
[Date "1989.??.??"]
[Round "?"]
[White "Reyes Najera, Carlos A"]
[Black "Rivas Pastor, Manuel"]
[Result "1/2-1/2"]
[WhiteElo "2220"]
[BlackElo "2505"]

1.e4 d6 2.d4 Nf6 3.Nc3 c6 4.h3 e5 5.Nf3 Nbd7 6.a4 Be7 7.dxe5 Nxe5 8.Be2 O-O
9.O-O Nxf3+ 10.Bxf3 Re8  1/2-1/2

[Event "Alma-Ata"]
[Site "Alma-Ata"]
[Date "1989.??.??"]
[Round "5"]
[White "Ilincic, Zlatko"]
[Black "Tseshkovsky, Vitaly"]
[Result "0-1"]
[WhiteElo "2430"]
[BlackElo "2520"]

1.e4 d6 2.d4 Nf6 3.Nc3 c6 4.Be3 b5 5.f3 a6 6.Qd2 Nbd7 7.g4 Nb6 8.Bd3 e6 9.Nge2 Bb7
10.Ng3 c5 11.a4 c4 12.Be2 b4 13.Nd1 a5 14.O-O Qc7 15.b3 h5 16.g5 Nfd7 17.h4 d5
18.e5 g6 19.Nf2 Ba6 20.Rfc1 Qb7 21.Qd1 Nb8 22.Kh1 Nc6 23.Nh3 O-O-O 24.f4 Kb8
25.Ng1 Rc8 26.Nf3 Be7 27.Kg2 Ka7 28.Kf2 Rc7 29.Qf1 Rhc8 30.Qd1 Bf8 31.Bd2 Ne7
32.Ne1 Nc6 33.Nf3 Nb8 34.Ne1 Ka8 35.Nf3 Rc6 36.Ne1 Qa7 37.Nf3 R6c7 38.Nf1 Nc6
39.Be3 Ne7 40.Ng3 Nc6 41.Bf1 Nb8 42.Bd2 Rc6 43.Be2 Be7 44.Bf1 Bd8 45.Be2 N6d7
46.Bf1 Bb6 47.Be3 R6c7 48.Be2 Qb7 49.Bd2 Nc6 50.Be3 Ne7 51.Bd2 Nb8 52.Bf1 Nbc6
53.Be3 Ka7 54.Be2 Nd8 55.Rab1 Nf5 56.Nxf5 exf5 57.c3 cxb3 58.cxb4 Bxe2 59.Qxe2 Rxc1
60.Rxc1 Rxc1 61.Bxc1 axb4 62.Qb5 Qc6 63.Bb2 Qxb5 64.axb5 Ne6 65.Ke3 Ba5 66.Nd2 Kb6
67.Nxb3 Kxb5 68.Bc1 Bb6 69.Bb2 Ba7 70.Nc1 Kc4 71.Ne2 Kb3 72.Bc1 Kc2 73.Bd2 b3
74.Bc3 Bb6 75.Ba1 Ba5 76.Kf3 Bd2  0-1

[Event "Alma-Ata"]
[Site "Alma-Ata"]
[Date "1989.??.??"]
[Round "9"]
[White "Kuczynski, Robert"]
[Black "Rashkovsky, Nukhim N"]
[Result "1/2-1/2"]
[WhiteElo "2450"]
[BlackElo "2520"]

1.e4 d6 2.d4 Nf6 3.Nc3 c6 4.f4 Qa5 5.Bd2 e5 6.dxe5 dxe5 7.f5 Qb4 8.Qf3 Qxb2
9.Rb1 Qa3 10.g4 h6 11.h4 h5 12.g5 Ng4 13.Nge2 Na6 14.Rb3 Qe7 15.Ng3 Nc5 16.Rb1 g6
17.Bh3 Bd7 18.Bxg4 hxg4 19.Qxg4 O-O-O 20.Rh2 Na6 21.Kf1 Qc5 22.Be1 f6 23.gxf6 Bh6
24.Rd1 gxf5 25.exf5 Bf4 26.Nce4 Qc4+ 27.Qe2 Qxa2 28.Rh3 c5 29.Nd6+ Kc7 30.Nge4 Bc6
31.c4 Qxe2+  1/2-1/2

[Event "Alma-Ata"]
[Site "Alma-Ata"]
[Date "1989.??.??"]
[Round "11"]
[White "Ilincic, Zlatko"]
[Black "Rashkovsky, Nukhim N"]
[Result "1-0"]
[WhiteElo "2430"]
[BlackElo "2520"]

1.e4 d6 2.d4 Nf6 3.Nc3 c6 4.Be3 b5 5.f3 g6 6.Qd2 Nbd7 7.g4 Nb6 8.Bd3 Bg7
9.Nge2 h5 10.g5 Nfd7 11.Nd1 O-O 12.Nf2 a5 13.f4 Nc4 14.Bxc4 bxc4 15.f5 Kh7
16.Nf4 Nb6 17.Qe2 Rh8 18.c3 e5 19.fxe6 Bxe6 20.O-O-O Rb8 21.Qc2 Re8 22.Rdf1 Kg8
23.h4 Rb7 24.Rh2 Qd7 25.Nh1 Bg4 26.Ng3 Nd5 27.Bd2 Nxf4 28.Bxf4 Reb8 29.Qa4 d5
30.Bxb8  1-0

[Event "Athens op"]
[Site "Athens"]
[Date "1989.??.??"]
[Round "?"]
[White "Gesos, Pavlos"]
[Black "Spiridonov, Nikola"]
[Result "1-0"]
[WhiteElo "2390"]
[BlackElo "2390"]

1.e4 d6 2.d4 Nf6 3.Nc3 c6 4.f4 Qa5 5.Bd3 e5 6.Nf3 Bg4 7.Be3 exf4 8.Bxf4 Qb6
9.Na4 Qa5+ 10.Nc3 Qb4 11.a3 Qxb2 12.Na4 Bxf3 13.gxf3  1-0

[Event "Augsburg"]
[Site "Augsburg"]
[Date "1989.??.??"]
[Round "2"]
[White "Womacka, Mathias"]
[Black "Dobosz, Henryk"]
[Result "1-0"]
[WhiteElo "2395"]
[BlackElo "2415"]

1.e4 d6 2.d4 Nf6 3.Nc3 c6 4.f4 Qa5 5.Bd3 e5 6.Nf3 Bg4 7.dxe5 dxe5 8.fxe5 Nfd7
9.Bf4 Bb4 10.O-O O-O 11.Nd5 cxd5 12.exd5 Be7 13.c4 Nc5 14.Bc2 Qb6 15.Be3 g6
16.Bd4 Nbd7 17.Kh1 a5 18.h3 Bxf3 19.Qxf3 Rae8 20.Qg4 h5 21.Qf4 f5 22.Qh6 Bg5
23.Qxg5 Nxe5 24.Bxf5 Ne4 25.Bxe4 Qxd4 26.Bxg6  1-0

[Event "Bad Mergentheim op"]
[Site "Bad Mergentheim"]
[Date "1989.??.??"]
[Round "?"]
[White "Niedermaier, Hans"]
[Black "Blatny, Pavel"]
[Result "1-0"]
[WhiteElo "2235"]
[BlackElo "2470"]

1.e4 d6 2.d4 Nf6 3.Nc3 c6 4.f4 Qa5 5.Bd3 b5 6.Nf3 b4 7.Ne2 Ba6 8.O-O Bxd3
9.Qxd3 Qa6 10.Bd2 c5 11.e5 Qxd3 12.cxd3 Nd5 13.f5 Na6 14.Nf4 Nxf4 15.Bxf4 f6
16.Rfe1 O-O-O 17.e6 g5 18.Be3 g4 19.Nh4 Kb7 20.Rec1 cxd4 21.Bd2 d5 22.a3 b3
23.a4 Rc8 24.Rxc8 Kxc8 25.Ra3 Nc5 26.Bb4 Nxd3 27.Rxb3 Nxb4 28.Rxb4 Bh6 29.Kf1 d3
30.Rxg4 Kc7 31.Rd4 Kd6 32.Rxd3 Rc8 33.Rb3 Rc1+ 34.Ke2 Rc2+ 35.Kf1 Rc1+ 36.Ke2 Rc2+
37.Kf1 Rc7 38.Nf3 Bf4 39.g3 Bc1 40.a5 h5 41.a6 Rc2 42.Rc3 Rxc3 43.bxc3 Bb2
44.h4 Kc5 45.g4 hxg4 46.h5 Bc1 47.Nh2 g3 48.Ng4 d4 49.cxd4+ Kxd4 50.h6 Bxh6
51.Nxh6 Ke4 52.Kg2 Kf4 53.Nf7 Kxf5 54.Nd8 Ke5 55.Kxg3 f5 56.Kf3 f4 57.Kg4 Ke4
58.Nc6 f3 59.Kg3 Ke3 60.Nxe7 f2 61.Nd5+ Ke2 62.Nf4+  1-0

[Event "GMA-qual"]
[Site "Belgorod"]
[Date "1989.??.??"]
[Round "?"]
[White "Purgin, Nikolaj"]
[Black "Vorotnikov, Vladislav V"]
[Result "0-1"]
[WhiteElo "2285"]
[BlackElo "2415"]

1.d4 d6 2.e4 Nf6 3.Nc3 c6 4.f4 d5 5.e5 Ng8 6.Bd3 g6 7.f5 Bxf5 8.Bxf5 gxf5
9.Qh5 e6 10.Nf3 Nd7 11.O-O Ne7 12.Bg5 Qb6 13.Na4 Qa5 14.b3 Ng6 15.Kh1 h6
16.Bd2 Qd8 17.c4 Bg7 18.Rac1 f4 19.Nc3 Ndf8 20.Ne2 Qd7 21.Nxf4 Nxf4 22.Bxf4 Ng6
23.Bg3 O-O-O 24.c5 Qe8 25.Nh4 Nxh4 26.Qxh4 Bf8 27.Qh3 Be7 28.Rc3 Rd7 29.Rcf3 Bg5
30.Qh5 f5 31.Qxe8+ Rxe8 32.Bf4 Rg7 33.b4 Reg8 34.g3 h5 35.Bxg5 Rxg5 36.Rf4 Rg4
37.Kg2 Kc7 38.Rxg4 hxg4 39.Rh1 a5 40.a3 axb4 41.axb4 Ra8 42.h4 Ra2+ 43.Kg1 Kd7
44.Rh2 Ra3 45.Kf2 f4 46.Rg2 f3 47.Rg1 Ke7 48.Rb1 Kf7 49.b5 Ra2+ 50.Ke3 Kg6
51.bxc6 Re2+ 52.Kd3 bxc6 53.Rb8 Re1 54.Rf8 Rg1 55.Ke3 Rxg3 56.Rf6+ Kh5 57.Rxe6 Rg2
58.Rf6 Kxh4 59.Kf4 Kh5 60.e6 Re2 61.Rf5+ Kh4  0-1

[Event "GMA-qual"]
[Site "Belgorod"]
[Date "1989.??.??"]
[Round "?"]
[White "Huzman, Alexander"]
[Black "Taborov, Boris"]
[Result "1-0"]
[WhiteElo "2480"]
[BlackElo "2385"]

1.d4 d6 2.e4 Nf6 3.Nc3 c6 4.f4 Qa5 5.Bd3 e5 6.Nf3 Bg4 7.dxe5 dxe5 8.fxe5 Nfd7
9.Bf4 Bb4 10.O-O O-O 11.Nd5 cxd5 12.exd5 Be7 13.h3 Bh5 14.Kh1 Bg6 15.Bxg6 hxg6
16.c4 Nb6 17.b3 N8d7 18.Qe2 Rae8 19.Qf2 Bd8 20.Rae1 Qc5 21.Qg3 Nc8 22.e6 fxe6
23.Qxg6 e5 24.Bh6 Qe7 25.Ng5 Rxf1+ 26.Rxf1 Nf8 27.Rxf8+ Kxf8 28.Qf5+ Qf6
29.Nh7+ Kf7 30.Nxf6 Bxf6 31.Be3 e4 32.Qd7+ Be7 33.c5  1-0

[Event "GMA-qual"]
[Site "Belgorod"]
[Date "1989.??.??"]
[Round "?"]
[White "Geller, Alexander G"]
[Black "Gofshtein, Leonid D"]
[Result "1-0"]
[WhiteElo "2265"]
[BlackElo "2415"]

1.d4 d6 2.e4 Nf6 3.Nc3 c6 4.Be2 Qa5 5.Bd2 Qb6 6.Nf3 Bg4 7.e5 dxe5 8.dxe5 Nd5
9.Ne4 Nd7 10.c4 Nb4 11.a3 Na6 12.Neg5 f6 13.exf6 exf6 14.Nh4 Bxe2 15.Qxe2+ Ne5
16.O-O Qd4 17.Qh5+ g6 18.Nxg6 Nxg6 19.Rfe1+ Be7 20.Rxe7+ Kxe7 21.Re1+ Kd6
22.Bb4+ Nxb4 23.c5+ Kd5 24.Nf3+ Ne5 25.Nxd4 Nd3 26.Rd1 Kxd4 27.Qh4+ Kxc5
28.f4 Rhg8  1-0

[Event "GMA-qual"]
[Site "Belgorod"]
[Date "1989.??.??"]
[Round "?"]
[White "Filipenko, Alexander V"]
[Black "Gofshtein, Leonid D"]
[Result "1-0"]
[WhiteElo "2370"]
[BlackElo "2415"]

1.e4 d6 2.d4 Nf6 3.Nc3 c6 4.f4 Qa5 5.Bd3 Bg4 6.Qd2 Bd7 7.Nf3 g6 8.O-O Bg7
9.Nd5 Qxd2 10.Nxf6+ Bxf6 11.Bxd2 Bg4 12.Be3 Bxf3 13.Rxf3 Nd7 14.c3 Bg7 15.Raf1 d5
16.e5 e6 17.f5 exf5 18.g4 f4 19.Bxf4 O-O 20.Bg5 Rae8 21.b3 a6 22.h4 c5 23.h5 b5
24.b4 cxd4 25.cxd4 Nb8 26.h6 Bh8 27.Rf4 Re6 28.R1f2 Nc6 29.Bf1 Nxb4 30.a3 Nc6
31.Bg2 Nxe5 32.dxe5 Rxe5  1-0

[Event "GMA-qual"]
[Site "Belgorod"]
[Date "1989.??.??"]
[Round "?"]
[White "Yuferov, Sergey  N"]
[Black "Taborov, Boris"]
[Result "1-0"]
[WhiteElo "2455"]
[BlackElo "2385"]

1.d4 d6 2.e4 c6 3.Nc3 Nf6 4.Nf3 Bg4 5.Be2 e6 6.O-O Be7 7.Be3 d5 8.e5 Nfd7
9.Ne1 Bxe2 10.Nxe2 c5 11.c3 Nc6 12.Nd3 Rc8 13.f4 cxd4 14.Bxd4 O-O 15.Qd2 f5
16.Kh1 a5 17.Rf3 Nxd4 18.Nxd4 Qb6 19.Rg1 Nc5 20.g4 Nxd3 21.gxf5 Nc5 22.Qg2 Rf7
23.f6 Bf8 24.f5 exf5 25.Nxf5 g6 26.Rg3 Rxf6 27.exf6 Qxf6 28.Qxd5+ Kh8 29.Nd4 Rd8
30.Qf3 Qd6 31.Re1 Bg7 32.Qf7 Bxd4 33.Re7 Qc6+ 34.Rg2  1-0

[Event "Benidorm op"]
[Site "Benidorm"]
[Date "1989.??.??"]
[Round "?"]
[White "Rivera, Daniel"]
[Black "Hodgson, Julian M"]
[Result "1/2-1/2"]
[WhiteElo "2350"]
[BlackElo "2545"]

1.e4 d6 2.d4 Nf6 3.Nc3 c6 4.Nf3 Bg4 5.Be2 e6 6.O-O Be7 7.h3 Bh5 8.e5 dxe5
9.Nxe5 Bxe2 10.Nxe2 O-O 11.c4 c5 12.Bf4 Nbd7 13.dxc5 Nxe5 14.Bxe5 Nd7 15.Bd6 Nxc5
16.Bxe7 Qxe7 17.Nc3 a5 18.Qe2 Rfd8 19.Rfd1 h6 20.b3 Qf6 21.Qe3 b6 22.Ne4 Nxe4
23.Qxe4 a4 24.bxa4 Rxa4 25.Rxd8+ Qxd8 26.Qc2 Qa8 27.Qb3 Qc6 28.Rc1 Ra5 29.Rb1 Rg5
30.g3 Re5 31.Rd1 Re4 32.Qb5 Rxc4 33.Qxc6 Rxc6 34.Rb1 g5 35.Kg2 Kg7 36.Rb5 Kg6
37.a4 h5 38.Rb4 f6 39.Rd4 e5 40.Rb4 Rd6 41.Rb5 Rd4 42.a5 bxa5 43.Rxa5 Kf5
44.Ra6 Kg6 45.Rb6 e4 46.Ra6 Rd2 47.Re6 Kf5 48.Re8 Ra2 49.g4+ hxg4 50.hxg4+ Kxg4
51.Rxe4+ Kh5 52.Re8 f5 53.Rb8 f4 54.Rb4 Kg4 55.Rc4 Re2 56.Ra4 Kf5 57.Ra8 Re6
58.Ra2 g4 59.Rb2 Re5 60.Ra2 Kg5 61.Ra8 Kh4 62.Rh8+ Rh5 63.Rg8 f3+ 64.Kh2 Rh7
65.Rg6 Rd7 66.Rg8 Rd1 67.Rxg4+  1/2-1/2

[Event "Biel op"]
[Site "Biel"]
[Date "1989.??.??"]
[Round "6"]
[White "Groszpeter, Attila"]
[Black "Radulov, Ivan"]
[Result "1-0"]
[WhiteElo "2515"]
[BlackElo "2450"]

1.d4 d6 2.e4 Nf6 3.Nc3 c6 4.Nf3 Qa5 5.e5 Ne4 6.exd6 Nxc3 7.bxc3 exd6 8.Bd3 Be7
9.O-O O-O 10.Re1 Be6 11.Rb1 b6 12.c4 Qh5 13.d5 cxd5 14.cxd5 Qxd5 15.Rb5 Qb7
16.Ng5 Bxg5 17.Rxg5 Nc6 18.Bxh7+ Kxh7 19.Qh5+ Kg8 20.Rxg7+ Kxg7 21.Bh6+ Kh7
22.Bg5+  1-0

[Event "CZE-ch U16"]
[Site "Brno"]
[Date "1989.??.??"]
[Round "1"]
[White "Belaska, Premysl"]
[Black "Pribyl, Martin"]
[Result "1/2-1/2"]
[WhiteElo "1974"]
[BlackElo "2202"]

1.e4 d6 2.d4 Nf6 3.Nc3 c6 4.f4 Qa5 5.Bd3 e5 6.Nf3 Bg4 7.Be3 d5 8.O-O dxe4
9.Bxe4 Nxe4 10.Nxe4 f5 11.Nf2 Bxf3 12.Qxf3 e4 13.Qe2 Nd7 14.g4 O-O-O 15.Bd2 Qd5
16.gxf5 Nf6 17.c4 Qxf5 18.Be3 Bd6 19.Nd1 Nh5 20.Nc3 Nxf4 21.Bxf4 Bxf4 22.Nxe4 Rxd4
23.Rae1 Rhd8 24.c5 Kb8 25.Qf3 g5 26.Re2 Qd5 27.Rfe1 Rd3 28.Qg4 Qd4+ 29.Kh1 Re3
30.Rxe3 Bxe3 31.Qf3 Bf4 32.b3 Qb2 33.Re2 Rd1+ 34.Kg2 Qd4 35.Nf2 Rd2 36.Rxd2 Qxd2
37.Qe4 Qd5 38.h3 Kc7 39.Kf3 Qxc5 40.Qxh7+ Kb6 41.Qd3 Qc1 42.Qd8+ Kb5 43.Qd3+ Ka5
44.Qd4 Ka6 45.Qa4+ Kb6 46.Qb4+ Kc7 47.Qe7+ Kb6 48.Qb4+ Kc7 49.Qe7+ Kb6  1/2-1/2

[Event "CZE-ch U16"]
[Site "Brno"]
[Date "1989.??.??"]
[Round "9"]
[White "Horak, Michal"]
[Black "Pribyl, Martin"]
[Result "1-0"]
[WhiteElo "2289"]
[BlackElo "2202"]

1.e4 d6 2.d4 Nf6 3.Nc3 c6 4.g3 Nbd7 5.Bg2 e5 6.Nge2 Be7 7.O-O O-O 8.h3 Re8
9.Be3 Qc7 10.f4 b5 11.a3 Bb7 12.Qd2 a5 13.g4 b4 14.axb4 axb4 15.Rxa8 Rxa8
16.Nd1 exd4 17.Nxd4 c5 18.Nf5 Nb6 19.e5 dxe5 20.Bxb7 Qxb7 21.fxe5 Ne8 22.Qf2 Bf8
23.e6 Nf6 24.e7 Bxe7 25.Nxe7+ Qxe7 26.Bxc5 Qe6 27.Bxb6 Ne4 28.Qe3 Rc8 29.Nf2 Nxf2
30.Rxf2 Qd5 31.Rd2 Qa2 32.Qc5 Qa1+ 33.Kh2 Re8 34.Qe3 Rf8 35.Bc5 Ra8 36.Qe7 h6
37.Rd8+  1-0

[Event "Spring op"]
[Site "Budapest"]
[Date "1989.??.??"]
[Round "?"]
[White "Barthel, Bergit"]
[Black "Tseitlin, Mikhail S"]
[Result "0-1"]
[WhiteElo "2060"]
[BlackElo "2460"]

1.e4 d6 2.d4 Nf6 3.Nc3 c6 4.Nf3 Bg4 5.Be2 e6 6.Be3 Be7 7.O-O O-O 8.e5 Nd5
9.Nxd5 cxd5 10.Bf4 Nc6 11.c3 Bxf3 12.Bxf3 dxe5 13.Bxe5 Nxe5 14.dxe5 b5 15.Be2 Qb6
16.Kh1 Rac8 17.Rc1 Rfd8 18.a3 g6 19.Qd3 Rc4 20.Qg3 Rc7 21.f4 d4 22.h3 dxc3
23.Rxc3 Rd2 24.Rxc7 Qxc7 25.Bxb5 Rxb2 26.a4 Qc2 27.Qf3 h5 28.Bc6 h4 29.Qe4 Qxe4
30.Bxe4 Rb4 31.Bc6 Bc5 32.Kh2 Be3 33.g3 Rc4 34.Bg2 Rxa4 35.Rf3 Bd2 36.Rf2 hxg3+  0-1

[Event "Caorle op"]
[Site "Caorle"]
[Date "1989.??.??"]
[Round "3"]
[White "Zupe, Miran"]
[Black "Romagnoli, F."]
[Result "1-0"]
[WhiteElo "2325"]
[BlackElo "1925"]

1.e4 d6 2.d4 Nf6 3.Nc3 c6 4.a4 a5 5.g3 Nbd7 6.Bg2 e5 7.Nge2 Be7 8.O-O O-O
9.h3 Re8 10.Re1 Qc7 11.Be3 Bf8 12.Qd2 Nb6 13.b3 Be6 14.f4 exf4 15.Nxf4 Nc8
16.Qf2 Bd7 17.Rf1 Ne7 18.Nh5 Nxh5 19.Qxf7+ Kh8 20.Qxh5 Nd5 21.Rxf8+ Rxf8
22.exd5 Be8 23.Qe2 Bg6 24.dxc6 bxc6 25.Qd2 Rae8 26.Bf4 Qe7 27.Kh2 d5 28.Rf1 Rf5
29.Nd1 Rh5 30.Ne3 Be4 31.g4 Bxg2 32.Qxg2 Rh4 33.Nf5  1-0

[Event "Cattolica op"]
[Site "Cattolica"]
[Date "1989.??.??"]
[Round "?"]
[White "Gruenberg, Regina"]
[Black "Bernard, Ryszard"]
[Result "1/2-1/2"]
[WhiteElo "2115"]
[BlackElo "2345"]

1.e4 d6 2.d4 Nf6 3.Nc3 c6 4.Nf3 Bg4 5.Be2 e6 6.O-O Be7 7.Bf4 O-O 8.Re1 Nbd7
9.e5 dxe5 10.Nxe5 Bxe2 11.Rxe2 Nd5 12.Nxd5  1/2-1/2

[Event "Cheliabinsk"]
[Site "Cheliabinsk"]
[Date "1989.??.??"]
[Round "?"]
[White "Micic, Cedomir"]
[Black "Kholmov, Ratmir D"]
[Result "1/2-1/2"]
[WhiteElo "2305"]
[BlackElo "2480"]

1.e4 d6 2.d4 Nf6 3.Nc3 c6 4.Nf3 Bg4 5.Be2 e6 6.O-O Be7 7.Be3 O-O 8.h3 Bxf3
9.Bxf3 Nbd7 10.Qd2 Re8 11.a4 a5 12.Be2 Qc7 13.Rad1 Rad8 14.f4 Qb6 15.Bd3 Qb4
16.e5 Nd5 17.Nxd5 exd5 18.c4 Qb6 19.Rf3 Nf8 20.Qf2 Qc7 21.f5 dxe5 22.dxe5 Qxe5
23.Bd4 Qd6 24.f6 Bxf6 25.Bxf6 gxf6 26.Rxf6 Qe7 27.Rf1 Qe3 28.Rxf7 Qxd3 29.Rg7+ Kxg7
30.Qf6+ Kg8 31.Qf7+ Kh8 32.Qf6+ Kg8  1/2-1/2

[Event "ITA-ch"]
[Site "Chianciano"]
[Date "1989.??.??"]
[Round "1"]
[White "Belotti, Bruno"]
[Black "Vezzosi, Paolo"]
[Result "1-0"]
[WhiteElo "2350"]
[BlackElo "2340"]

1.e4 d6 2.d4 Nf6 3.Nc3 c6 4.f4 Qa5 5.Bd3 e5 6.Nf3 Nbd7 7.a3 exd4 8.Nxd4 Nc5
9.b4 Nxd3+ 10.cxd3 Qb6 11.Be3 Ng4 12.Bg1 Qd8 13.Nf3 Be7 14.h3 Nf6 15.Be3 O-O
16.O-O d5 17.e5 Ne8 18.Qc2 g6 19.Na4 Ng7 20.Bc5 Bd7 21.Bxe7 Qxe7 22.Nc5 b6
23.Nb3 Rac8 24.d4 Nh5 25.Qd2 Ng3 26.Rfc1 Ne4 27.Qe3 Kh8 28.Ra2 Rg8 29.Ng5 Nd6
30.Qf2 Nc4 31.Nd2 b5 32.Nb3 h6 33.Nf3 Ra8 34.Qe1 g5 35.fxg5 hxg5 36.Nh2 Rg6
37.Nc5 Kg7 38.a4 Bc8 39.axb5 cxb5 40.Rca1 Rh6 41.Qg3 Rg6 42.Rf1 Kg8 43.Raf2 Rg7
44.Rf6 Nd2 45.Rd1 Ne4 46.Qf3 a5 47.Rh6  1-0

[Event "ITA-ch"]
[Site "Chianciano"]
[Date "1989.??.??"]
[Round "6"]
[White "Belotti, Bruno"]
[Black "Godena, Michele"]
[Result "1/2-1/2"]
[WhiteElo "2350"]
[BlackElo "2425"]

1.d4 d6 2.e4 Nf6 3.Nc3 c6 4.Nf3 Qc7 5.Bf4 Bg4 6.Be2 Bxf3 7.Bxf3 e5 8.Be3 Be7
9.O-O O-O 10.Ne2 Nbd7 11.c3 d5 12.Ng3 dxe4 13.Nxe4 Nd5 14.Bg5 Bxg5 15.Nxg5 h6
16.Nh3 N5f6 17.dxe5 Nxe5 18.Be2 Rad8  1/2-1/2

[Event "Copenhagen op"]
[Site "Copenhagen"]
[Date "1989.??.??"]
[Round "2"]
[White "Iskov, Gert"]
[Black "Nilsson, Nils Specht"]
[Result "1/2-1/2"]
[WhiteElo "2325"]
[BlackElo "2220"]

1.e4 d6 2.d4 Nf6 3.Nc3 c6 4.f4 Qa5 5.Bd3 e5 6.Nf3 Bg4 7.Be3 Nbd7 8.O-O Be7
9.Qe1 Bxf3 10.Rxf3 Ng4 11.Bd2 exd4 12.Nb5 Qd8 13.Nxd4 Qb6 14.Bc3 Bf6 15.e5 dxe5
16.Bf5 h5 17.Rd1 Nc5 18.fxe5 Nxe5 19.Re3 O-O 20.Rxe5 Bxe5 21.Qxe5 Rae8 22.Qg3 Ne4
23.Bxe4 Rxe4 24.Qf3 Rfe8 25.Rf1 f6 26.Qf2 Rd8 27.Nf5 Qxf2+ 28.Kxf2 Rf4+ 29.Kg1 Rxf1+
30.Kxf1 Rd1+ 31.Ke2 Ra1 32.a3 Rh1 33.h3 Rc1 34.Kd3 Rg1 35.Ne3 Kf7 36.Ke4 Ke6
37.Kf4 Rc1 38.Ke4 Rg1 39.Kf3 Rc1 40.Ke4 Rg1  1/2-1/2

[Event "Copenhagen op"]
[Site "Copenhagen"]
[Date "1989.??.??"]
[Round "4"]
[White "Franzen, Jozef"]
[Black "Nilsson, Nils Specht"]
[Result "1/2-1/2"]
[WhiteElo "2345"]
[BlackElo "2220"]

1.e4 d6 2.d4 Nf6 3.Nc3 c6 4.f4 Qa5 5.Bd3 e5 6.dxe5 dxe5 7.f5 Nbd7 8.Nf3 Bc5
9.Qe2 b5 10.Bd2 Qc7 11.a4 b4 12.Nd1 a5 13.Ne3 Nb6 14.b3 Bb7 15.Bc1 O-O-O
16.Bb2 Rhe8 17.O-O-O Bd4 18.Nd2 Bxe3 19.Qxe3 Nfd7 20.Kb1 f6 21.c3 Qd6 22.cxb4 axb4
23.a5 Qc5 24.Qxc5 Nxc5 25.Bc2 Na8 26.Nc4 Rxd1+ 27.Rxd1 Rd8 28.Rxd8+ Kxd8
29.Bc1 Ba6 30.Be3 Nb7 31.Nb6 Nxb6 32.Bxb6+ Kd7 33.Kc1 c5 34.Kd2 Kc6 35.g4 Nd6
36.h4 c4 37.Ke3 cxb3 38.Bxb3 Nc4+ 39.Bxc4  1/2-1/2

[Event "Dieren op"]
[Site "Dieren"]
[Date "1989.??.??"]
[Round "6"]
[White "Crisan, Alexandru"]
[Black "Hartoch, Robert G"]
[Result "0-1"]
[WhiteElo "2340"]
[BlackElo "2355"]

1.e4 d6 2.d4 Nf6 3.Nc3 c6 4.Bg5 Qa5 5.Qd2 h6 6.Bh4 g5 7.Bg3 Nh5 8.Bd3 Bg7
9.Nge2 Nd7 10.O-O e5 11.dxe5 dxe5 12.Rfd1 O-O 13.Bc4 Nc5 14.a3 Ne6 15.Nd5 Qc5
16.Ne3 Nd4 17.b4 Qe7 18.c3 Nxe2+ 19.Qxe2 Nf4 20.Qd2 Bf6 21.Qd6 Rd8 22.Qxd8+ Qxd8
23.Rxd8+ Bxd8 24.Rd1 Be7 25.Nf5 Bxf5 26.exf5 Rd8 27.Rxd8+ Bxd8 28.f3 Bb6+
29.Bf2 Bxf2+ 30.Kxf2 Kf8 31.g3 Nd5 32.Bxd5 cxd5 33.a4 Ke7 34.Ke3 Kd6 35.Kd3 a5
36.bxa5 Kc5 37.g4 f6 38.h3 d4 39.cxd4+ exd4 40.a6 bxa6 41.f4 gxf4 42.Ke2 Kc4
43.h4 d3+ 44.Ke1 Kc3 45.g5 hxg5 46.hxg5 Kc2  0-1

[Event "Dieren op"]
[Site "Dieren"]
[Date "1989.??.??"]
[Round "9"]
[White "Belkhodja, Slim"]
[Black "Hartoch, Robert G"]
[Result "1/2-1/2"]
[WhiteElo "2365"]
[BlackElo "2355"]

1.e4 d6 2.d4 Nf6 3.Nc3 c6 4.f3 Nbd7 5.Be3 e5 6.Qd2 Be7 7.Bd3 b5 8.Nge2 O-O
9.O-O b4 10.Nd1 d5 11.Nf2 c5 12.dxc5 Nxc5 13.Rad1 dxe4 14.fxe4 Nxd3 15.cxd3 Qa5
16.b3 Rd8 17.Qb2 Ng4 18.Nxg4 Bxg4 19.h3 Bxe2 20.Qxe2 Bc5 21.Bxc5 Qxc5+ 22.Qf2 Qxf2+
23.Kxf2 Rd6 24.Ke3 Rad8 25.Rf2 Rc6 26.Rfd2 Rd4 27.a3 f6 28.axb4 Rxb4 29.Ra1 Rxb3
30.Rxa7 Rd6 31.Ke2 h5  1/2-1/2

[Event "Dortmund-B"]
[Site "Dortmund"]
[Date "1989.??.??"]
[Round "?"]
[White "Sznapik, Aleksander"]
[Black "Buecker, Stefan"]
[Result "1-0"]
[WhiteElo "2455"]
[BlackElo "2335"]

1.e4 d6 2.d4 Nf6 3.Nc3 e5 4.Nf3 Nbd7 5.Bc4 Be7 6.O-O O-O 7.a4 a5 8.Re1 c6
9.h3 Qc7 10.Bg5 Re8 11.Bh4 Bd8 12.Bg3 Qb6 13.Bb3 Bc7 14.Qd2 Nf8 15.Rad1 Ng6
16.Qe2 h6 17.dxe5 dxe5 18.Nh4 Nf4 19.Qf3 Be6 20.Bxe6 fxe6 21.b3 Qc5 22.Qe3 Qb4
23.Na2 Qa3 24.Nc1 N6h5 25.Nd3 Rf8 26.Nf3 Nxg3 27.fxg3 Nxd3 28.Rxd3 Qb4 29.Kh2 Rad8
30.Red1 Bb6 31.Qe2 Qc5 32.h4 Rxd3 33.Rxd3 Rd8 34.Rxd8+ Bxd8 35.Qd3 Qe7 36.Nxe5 Bc7
37.Nf3  1-0

[Event "Dortmund-B"]
[Site "Dortmund"]
[Date "1989.??.??"]
[Round "?"]
[White "Klinger, Josef"]
[Black "Buecker, Stefan"]
[Result "1-0"]
[WhiteElo "2475"]
[BlackElo "2335"]

1.e4 d6 2.d4 Nf6 3.Nc3 e5 4.Nf3 Nbd7 5.h3 c6 6.a4 Be7 7.g4 O-O 8.Bg2 a5 9.O-O Qc7
10.Be3 Rd8 11.g5 Ne8 12.d5 g6 13.Nh2 Ng7 14.Ng4 Rf8 15.f4 f5 16.gxf6 Nxf6
17.Nh6+ Kh8 18.fxe5 dxe5 19.Qd3 cxd5 20.Nb5 Qd7 21.Qb3 Ngh5 22.exd5 Kg7 23.d6 Bd8
24.Qc3 Ra6 25.Ng4 Nxg4 26.Rxf8 Kxf8 27.hxg4 Qxg4 28.Qxe5 Bf6 29.Bh6+ Kf7
30.Rf1 Bf5 31.Qd5+ Be6 32.Qxb7+ Bd7 33.Qxa6 g5 34.Qb7 Ng3 35.Qd5+ Be6 36.Qxg5  1-0

[Event "Dortmund-C"]
[Site "Dortmund"]
[Date "1989.??.??"]
[Round "?"]
[White "Schuh, Franz"]
[Black "Grimberg, Gilbert"]
[Result "0-1"]
[WhiteElo "2295"]
[BlackElo "2300"]

1.e4 d6 2.d4 Nf6 3.Nc3 Nbd7 4.f4 e5 5.Nf3 exd4 6.Qxd4 c6 7.Be3 d5 8.exd5 cxd5
9.O-O-O Bc5 10.Qd2 O-O 11.Nxd5 Nxd5 12.Bxc5 Nxc5 13.Qxd5 Qa5 14.a3 Be6 15.Qd2 Qc7
16.Kb1 Rad8 17.Bd3 Nxd3 18.cxd3 Bf5 19.Ne1 Rd4 20.Rf1 Rfd8 21.Rc1 Qd7 22.Rf3 Qd5
23.Rc3 b5 24.Qe3 Kf8 25.Rc7  0-1